Punteo sobre la situación de los Derechos Humanos de las mujeres en Centroamérica /
Shranjeno v:
| Glavni avtor: | |
|---|---|
| Format: | Texto |
| Teme: | |
| Oznake: |
Označite
Brez oznak, prvi označite!
|
MARC
| LEADER | 00000 a a2200000 04500 | ||
|---|---|---|---|
| 001 | 2355 | ||
| 003 | |||
| 040 | |||
| 100 | |a Duarte, Ana Virginia | ||
| 245 | |a Punteo sobre la situación de los Derechos Humanos de las mujeres en Centroamérica / |c Ana Virginia Duarte | ||
| 650 | |a DERECHOS HUMANOS | ||
| 650 | |a MUJERES | ||
| 650 | |a DISCRIMINACION | ||
| 650 | |a EMPLEO | ||
| 650 | |a REPRESION | ||
| 650 | |a AMERICA CENTRAL | ||
| 773 | |g volumen 18, número 3; páginas 7-10 | ||
| 999 | |c 32900 |d 32900 | ||
